Modern approach to intermediate trignometry / (Record no. 4835)

MARC details
000 -LEADER
fixed length control field 00619 a2200193 4500
010 ## - LCCN (DPL NO)
LC control number ENG-86620
020 ## - INTERNATIONAL STANDARD BOOK NUMBER
International Standard Book Number 8177094718
Terms of availability 104.00
035 ## - SYSTEM CONTROL NUMBER
System control number EN-70153
037 ## - SOURCE OF ACQUISITION
Source of stock number/acquisition DBAD / PUB
082 14 - DEWEY DECIMAL CLASSIFICATION NUMBER
Classification number 516.24
100 1# - MAIN ENTRY--PERSONAL NAME
Personal name Dasgupta, Ashit
245 1# - TITLE STATEMENT
Title Modern approach to intermediate trignometry /
Statement of responsibility, etc by Ashit Das Gupta [and] Surya Bhushan Prasad
250 ## - EDITION STATEMENT
Edition statement 5th rev ed
260 ## - PUBLICATION, DISTRIBUTION, ETC. (IMPRINT)
Place of publication, distribution, etc New Delhi
Name of publisher, distributor, etc Bharati Bhawan
Date of publication, distribution, etc 2006
270 ## - ADDRESS
Address 4271/3, Ansari Road, Daryaganj,
City New Delhi
Postal code 110 002
300 ## - PHYSICAL DESCRIPTION
Extent various paging
Dimensions 22 cm (Pbk)
700 1# - ADDED ENTRY--PERSONAL NAME
Personal name Prasad, Surya Bhushan
942 ## - ADDED ENTRY ELEMENTS (KOHA)
Institution code [OBSOLETE] dpl
Item type English Books
Source of classification or shelving scheme Dewey Decimal Classification
Classification part 516.24
Call number suffix DAS
Holdings
Withdrawn status Lost status Not for loan Collection code Home library Current library Source of acquisition Cost, normal purchase price Full call number Barcode Copy number Cost, replacement price Koha item type
    Not For Loan Non-fiction D.B.Act.Division D.B.Act.Division DBAD/PUB 104.00 516.24 DAS EN-70153 1 104.00 English Books

© Delhi Public Library
Hit Counter
free hit counter